000 00287nam a22001337a 4500
008 170911b xxu||||| |||| 00| 0 eng d
020 _a2900495108923
041 _aeng
080 _22ND
_a52
100 _a42
101 _aAST
245 _aMETEOROLOGY
_cACKERMAN,S.A
942 _2udc
_cBK
999 _c27105
_d27105